000 00645nam a2200217 a 4500
001 BRCA_3768
005 20190320204422.0
008 221009s1950----ag-#---###---#000-0#spa-#
041 _aspa
044 _aag
050 4 _aPQ6323
_b.M33 1950
100 1 _aMañach, Jorge
_d1898-1961
_99822
245 1 0 _aExamen del quijotismo
_cJorge Mañach.
260 _aBuenos Aires
_bSudamericana
_c1950
300 _a161 p.
_c17 cm.
440 0 _aEnsayos breves
_99823
500 _aDonación realizada por el Dr. José Israel Rangel Sandoval
600 1 4 _aCervantes Saavedra, Miguel de
_d1547-1616
_tDon Quijote
_99824
902 _aCERV
942 _2lcc
_cB
999 _c3497
_d3497